Fire Fighting and Fire Safety : (Record no. 1445)

000 -LEADER
fixed length control field 00549nam a2200193 a 4500
008 - FIXED-LENGTH DATA ELEMENTS--GENERAL INFORMATION
fixed length control field 200102t2010 ii ||||g |||| 00| 0 eng d
020 ## - INTERNATIONAL STANDARD BOOK NUMBER
International Standard Book Number 9788181921666
Terms of availability Rs. 850.00
040 ## - CATALOGING SOURCE
Original cataloging agency IMU Kochi Library
Language of cataloging eng
041 0# - LANGUAGE CODE
Language code of text/sound track or separate title eng
044 ## - COUNTRY OF PUBLISHING/PRODUCING ENTITY CODE
MARC country code India
082 04 - DEWEY DECIMAL CLASSIFICATION NUMBER
Edition number 23
Classification number 623.8886
Item number R188
100 1# - MAIN ENTRY--PERSONAL NAME
Personal name Rathore, S. K.
245 10 - TITLE STATEMENT
Title Fire Fighting and Fire Safety :
Sub Title Concepts, Methods, Tools & Techniques /
260 ## - PUBLICATION, DISTRIBUTION, ETC. (IMPRINT)
Place of publication, distribution, etc Jaipur :
Name of publisher, distributor, etc Sublime Publications,
Date of publication, distribution, etc 2010.
300 ## - PHYSICAL DESCRIPTION
Extent 255 p.:
Dimensions 23 cm.
650 #0 - SUBJECT ADDED ENTRY--TOPICAL TERM
Topical term or geographic name as entry element Fire extinction
Form subdivision Textbooks
852 ## - LOCATION/CALL NUMBER
Location IMU Kochi Library
942 ## - ADDED ENTRY ELEMENTS (KOHA)
Item type Books
Holdings
Withdrawn status Lost status Source of classification or shelving scheme Damaged status Not for loan Collection code Permanent location Current location Shelving location Date acquired Source of acquisition Cost, normal purchase price Total Checkouts Full call number Barcode Date last seen Date last borrowed Koha item type Public note
          Engineering IMU Kochi Library IMU Kochi Library General Stacks 2013-01-02 M/s Pai Brothers (Inv. No.3579 Dt 2012-02-08) 850.00 1 623.8886 R188 BK000215 2025-02-05 2025-02-05 Books Gen. Shelf-14, Row-4


Copyright © All Rights Reserved by Indian Maritime University, Kochi Campus.
For any Suggestions/Query Contact to library or Email: library.kochi@imu.ac.in Ph:(0484)-2989402
(Web OPAC Designed by Rudra Ranjan. Maintained by IMU Kochi Library)

Powered by Koha